Prístupy k rodinnej politike vo Francúzsku
Charakter francúzskej rodinnej politiky. Rodinná politika ako politika partnerstva. Úloha štátu v rodinnej politike. Rodinná vetva sociálneho zabezpečenia. Národná únia rodinných asociácií (L’Union nationale des associations familiales, UNAF). Systém rodinných dávok vo Francúzsku. Rezortná politika...
Salvato in:
| Autore principale: | |
|---|---|
| Natura: | Capitolo di libro |
| Lingua: | slovacco |
| Soggetti: | |
| Tags: |
Nessun Tag, puoi essere il primo ad aggiungerne!!
|
MARC
| LEADER | 00000naa a2200000 4500 | ||
|---|---|---|---|
| 001 | 0301353 | ||
| 005 | 20240614084057.3 | ||
| 041 | 0 | |a slo | |
| 044 | |a SK | ||
| 245 | 1 | 0 | |a Prístupy k rodinnej politike vo Francúzsku |c Iveta Dudová |
| 520 | |a Charakter francúzskej rodinnej politiky. Rodinná politika ako politika partnerstva. Úloha štátu v rodinnej politike. Rodinná vetva sociálneho zabezpečenia. Národná únia rodinných asociácií (L’Union nationale des associations familiales, UNAF). Systém rodinných dávok vo Francúzsku. Rezortná politika v prospech detí a rodiny v regiónoch Francúzska. | ||
| 610 | 2 | 0 | |a politika rodinná |
| 610 | 2 | 0 | |a zabezpečenie sociálne |
| 610 | 2 | 0 | |a dávky sociálne |
| 610 | 2 | 0 | |a starostlivosť o deti |
| 610 | 2 | 0 | |a regióny |
| 610 | 2 | 0 | |a Francúzsko |
| 100 | 1 | |a Dudová, Iveta | |